| 000 | 01978nam a2200433 c 4500 | ||
|---|---|---|---|
| 001 | 7287 | ||
| 003 | ES-MaCES | ||
| 005 | 20141221121904.0 | ||
| 008 | 980914m19981998be ||| | eng d | ||
| 017 |
_aD. 1998-0602-273 _bDL |
||
| 020 | _a9042905956 | ||
| 035 | _aCES19980073606m | ||
| 040 |
_aES-MaCES _bspa _cES-MaCES |
||
| 041 | 0 |
_aeng _afre _ager _aspa |
|
| 111 | 2 |
_aCongreso Mundial del Derecho del Trabajo y de la Seguridad Social _n15º _d1997 _cBuenos Aires _9336 |
|
| 245 | 1 | 0 |
_aXV Congreso Mundial del Derecho del Trabajo y de la Seguridad Social _b= XV World Congress of Labour Law and Social Security : 22-26 September 1997, Buenos Aires-Argentina _c[organizado por la Sociedad Internacional de Derecho del Trabajo y de la Seguridad Social ; editor, R. Blanpain] |
| 260 |
_aLeuven _bPeeters _c1998 |
||
| 300 |
_a3 v. _c24 cm |
||
| 500 | _aTextos en inglés, francés, alemán y español | ||
| 505 | 1 | _aContiene: I. Discriminación en el empleo = Discrimination in employment -- II. Negociación colectiva internacional = International collective bargaining -- III. Los derechos humanos y la Seguridad Social = Human rights and Social Security | |
| 541 | _cCompra | ||
| 650 | 4 |
_adiscriminación _927180 |
|
| 650 | 4 |
_aempleo _928299 |
|
| 650 | 4 |
_anegociación colectiva _928362 |
|
| 650 | 4 |
_ainternacional _926674 |
|
| 650 | 4 |
_aderechos humanos _927171 |
|
| 650 | 4 |
_aseguridad social _927034 |
|
| 650 | 4 |
_aderecho del trabajo _927165 |
|
| 650 | 4 |
_aestudio general _928851 |
|
| 650 | 4 |
_anivel regional _930617 |
|
| 650 | 4 |
_aconferencia _927013 |
|
| 653 | 1 | 0 | _aDerecho del trabajo y Seguridad Social |
| 700 | 1 |
_aBlanpain, Roger _eed. lit. _97877 |
|
| 710 | 2 |
_aSociedad Internacional de Derecho del Trabajo y de la Seguridad Social _ecol. _95002 |
|
| 711 | 2 |
_aWorld Congress of Labour Law and Social Security _n15º _d1997 _cBuenos Aires, Argentina _9337 |
|
| 902 | _aLIB Libro | ||
| 942 |
_2CES _cBK _h6.0.1. |
||
| 999 |
_c7287 _d7287 |
||